| 000 | 01115nam a22003617a 4500 | ||
|---|---|---|---|
| 001 | 0024204 | ||
| 003 | KOHA_MİRAKIL | ||
| 005 | 20260207002434.0 | ||
| 007 | ta | ||
| 008 | 101112b2004 tu |||gr||||#0|||0|tur | | ||
| 020 |
_a9756360070 _c12,51 |
||
| 040 |
_aTR-BiSEU _btur _cTR-BiSEU _erda |
||
| 041 | 0 | _atur | |
| 044 | _ctu | ||
| 050 |
_aDR479.G7 _bB86 2004 |
||
| 100 | 1 | _aBurak, Durdu Mehmet. | |
| 245 | 1 |
_aBirinci Dünya Savaşı'nda Türk-İngiliz ilişkileri (1914-1918)/ _cDurdu Mehmet Burak ; Durdu Mehmet Burak. |
|
| 264 | 1 |
_aAnkara : _bBabil _c2004 |
|
| 300 | _axi, 418 sayfa: facsims; 20 cm. | ||
| 336 |
_ametin _btxt _2rdacontent |
||
| 337 |
_aaracısız _bn _2rdamedia |
||
| 338 |
_acilt _bnc _2rdacarrier |
||
| 490 | 1 |
_aBabil ; _v9. |
|
| 490 | 1 |
_a Güncel ; _v6. |
|
| 500 | _aKaynakça var. | ||
| 650 | 0 |
_aWorld War, 1914-1918--Turkey. _94939 |
|
| 650 | 0 |
_aTurkey--Foreign relations-- Great Britain. _949566 |
|
| 650 | 0 |
_aGreat Britain--Foreign relations--Turkey. _920467 |
|
| 830 | 1 |
_aBabil ; _v9. _949563 |
|
| 830 | 1 |
_a Güncel ; _v6. _949564 |
|
| 907 | _aTarih | ||
| 942 |
_2lcc _cBK |
||
| 999 |
_c24157 _d24157 |
||